Evaluation of training / (Record no. 3181)

000 -LEADER
fixed length control field nam a22 a 4500
003 - CONTROL NUMBER IDENTIFIER
control field AKMAL
005 - DATE AND TIME OF LATEST TRANSACTION
control field 20170519161257.0
008 - FIXED-LENGTH DATA ELEMENTS--GENERAL INFORMATION
fixed length control field 170519t19931994my 00 eng d
020 ## - INTERNATIONAL STANDARD BOOK NUMBER
International Standard Book Number 9679784835 (pbk.):
Terms of availability RM 19.90
040 ## - CATALOGING SOURCE
Original cataloging agency AKMAL
Transcribing agency AKMAL
049 ## - LOCAL HOLDINGS (OCLC)
Holding library mal
082 04 - DEWEY DECIMAL CLASSIFICATION NUMBER
Classification number 658.312404 REE
090 ## - LOCALLY ASSIGNED LC-TYPE CALL NUMBER (OCLC); LOCAL CALL NUMBER (RLIN)
Classification number (OCLC) (R) ; Classification number, CALL (RLIN) (NR) 658.312404
Local cutter number (OCLC) ; Book number/undivided call number, CALL (RLIN) REE
090 20 - LOCALLY ASSIGNED LC-TYPE CALL NUMBER (OCLC); LOCAL CALL NUMBER (RLIN)
Classification number (OCLC) (R) ; Classification number, CALL (RLIN) (NR) 658.312404
Local cutter number (OCLC) ; Book number/undivided call number, CALL (RLIN) REE
100 1# - MAIN ENTRY--PERSONAL NAME
Personal name Reeves, Martha
9 (RLIN) 6553
245 10 - TITLE STATEMENT
Title Evaluation of training /
Statement of responsibility, etc. Martha Reeves
260 ## - PUBLICATION, DISTRIBUTION, ETC.
Place of publication, distribution, etc. Kuala Lumpur :
Name of publisher, distributor, etc. Pelanduk Publications,
Date of publication, distribution, etc. 1994
300 ## - PHYSICAL DESCRIPTION
Extent 114p. :
Other physical details il. ;
Dimensions 22cm
504 ## - BIBLIOGRAPHY, ETC. NOTE
Bibliography, etc. note Bibliography: p. 113-114
650 ## - SUBJECT ADDED ENTRY--TOPICAL TERM
Topical term or geographic name entry element Employees
General subdivision Training of
-- Evaluation
9 (RLIN) 6500
942 ## - ADDED ENTRY ELEMENTS (KOHA)
Source of classification or shelving scheme
Koha item type Book
Holdings
Withdrawn status Lost status Source of classification or shelving scheme Damaged status Not for loan Collection code Home library Current library Date acquired Inventory number Total Checkouts Full call number Barcode Date last seen Price effective from Koha item type
          NON-FICTION AKMAL Melaka AKMAL Melaka 19.05.2017 001534   658.312404 REE 201704125 19.05.2017 19.05.2017 Book
          NON-FICTION AKMAL Melaka AKMAL Melaka 19.05.2017 001536   658.312404 REE 201704124 19.05.2017 19.05.2017 Book
          NON-FICTION AKMAL Melaka AKMAL Melaka 19.05.2017 001533   658.312404 REE 201704126 19.05.2017 19.05.2017 Book
          NON-FICTION AKMAL Melaka AKMAL Melaka 19.05.2017 001535   658.312404 REE 201704127 19.05.2017 19.05.2017 Book
          NON-FICTION AKMAL Melaka AKMAL Melaka 19.05.2017 001537   658.312404 REE 201704128 19.05.2017 19.05.2017 Book
Pusat Sumber Maklumat Dato' Haji Sarmin Md Hussin, Akademi Kastam Diraja Malaysia, Melaka
Tel: 06-2331106 | Faks: 06-2313787